Statystyki dla Najstarsze granice świata

Kliknij tutaj aby rozwiązać quiz!

Ogólne statystyki

  • Ten quiz został rozwiązany 1 517 razy
  • Średni wynik to 16 z 21

Statystyki odpowiedzi

Rok w którym ustanowionogranicęPaństwo% Poprawnych
Państwo nr 2Francja
95%
1297Państwo nr 1Francja
95%
Państwo nr 2Francja
95%
Państwo nr 3Hiszpania
94%
Państwo nr 2Hiszpania
94%
1659Państwo nr 1Hiszpania
94%
Państwo nr 2Niemcy
92%
1297Państwo nr 1Portugalia
90%
Państwo nr 2Włochy
89%
1648Państwo nr 1Szwajcaria
88%
1278Państwo nr 1Andora
86%
1712Państwo nr 1Chiny
86%
Państwo nr 2Monako
75%
1463Państwo nr 1San Marino
75%
1639Państwo nr 1Turcja
74%
Państwo nr 2Iran
69%
Państwo nr 2Korea Północna
69%
Państwo nr 2Bułgaria
50%
1444Państwo nr 1Rumunia
49%
1699Państwo nr 1Chorwacja
27%
Państwo nr 2Bośnia i Hercegowina
25%

Rozkład punktacji

Percentyl według liczby udzielonych odpowiedzi

Procent ludzi z każdym wynikiem

Twoja historia wyników

Nie rozwiązałeś tego quizu